| 000 | 01008cam a22002891 4500 | ||
|---|---|---|---|
| 001 | 24018 | ||
| 003 | BD-RjUL | ||
| 005 | 20211209001011.0 | ||
| 008 | 140312r1957 xx 001 0 eng | ||
| 035 | _a(BD-RjUL)24083 | ||
| 035 | _a(OCoLC)349065 | ||
| 040 |
_aDLC _cOKentU _dOCoLC _dOC _dDLC _dBD-RjUL _beng |
||
| 041 | _aeng | ||
| 082 | 0 | 4 |
_a940.5401 _bBRT 1957 |
| 100 | 1 |
_aBryant, Arthur, _d1899-1985. _918905 |
|
| 245 | 1 | 4 |
_aThe turn of the tide, 1939-1943 : _ba study based on the diaries and autobiographical notes of Field Marshal the Viscount Alanbrooke / |
| 260 |
_aLondon : _bCollins, _c1957. |
||
| 300 |
_a766 p. : _billus. ; _c22 cm. |
||
| 504 | _aincludes index. | ||
| 600 | 1 | 0 |
_aAlanbrooke, Alan Brooke, _cViscount, _d1883-1963 _973962 |
| 650 | 0 |
_aWorld War, 1939-1945 _zGreat Britain. _973958 |
|
| 650 | 0 |
_aMarshals _zGreat Britain _vDiaries. _973959 |
|
| 700 | 1 |
_aAlanbrooke, Alan Brooke, _cViscount, _d1883-1963. _973960 |
|
| 942 |
_2ddc _cBK |
||
| 999 |
_c24018 _d24018 |
||